000 00606cam a2200217 i 4500
001 sa 65000551
003 DLC
005 20260227112103.0
008 811103s1962 ii c 000 1 tamo
010 _asa 65000551
025 _aPL480:I-T-658
040 _aDLC
_cDLC
_dDLC
050 0 0 _aPL4758.9.R2857
_bN5
100 1 _aRakunātan̲, N. K.
245 1 0 _aNilavilē pēcuvōm /
_cEn̲. Kē. Rakunātan̲.
250 _a[1. patippu].
260 _aCen̲n̲ai :
_bVir̲pan̲ai urimai, Pāri Nilaiyam,
_c[1962]
300 _a136 p. :
_bport. ;
_c18 cm.
500 _aIn Tamil.
500 _aShort stories.
999 _c61601
_d61601